000 03048nam a2200241Ia 4500
001 14173
003 OSt
005 20260310121937.0
008 211022s9999 xx 000 0 und d
020 _a0486202380
040 _cIVS
082 _a701.17 SAN
_223
_b14173
100 _aSantayana, George
245 4 _aThe Sense of Beauty:
_bBeing the Outline of Aesthetic Theory/
_cby George Santayana
260 _aNew York
_bDover Publications
_c1955
300 _a168 p.
_c5.39 x 0.39 x 8.54 inches
505 _aPart I. The Nature of Beauty, Part II. The Materials of Beauty, Part III. Form, Part IV. Expression.
520 _a"From antiquity to the present, many have written on the subject of beauty, but precious few have done so with the capacity themselves to write beautifully. The Sense of Beauty is that rare exception. This remarkable early work of the great American philosopher, George Santayana, features a quality of prose that is as wondrous as what he had to say. Indeed, his summation remains a flawless classical statement. "Beauty seems to be the clearest manifestation of perfection, and the best evidence of its possibility. If perfection is, as it should be, the ultimate justification of being, we may understand the ground of the moral dignity of beauty. Be'auty is a pledge of the possible conformity between the soul and nature, and consequently a ground of faith in the supremacy of the good."The editor of this new edition, John McGormick, reminds us that The Sense of Beauty is the first work in aesthetics written in the United States. Santayana was versed in the history of his subject, from Plato and Aristotle to Schopenhauer and Taine in the nineteenth century. Santayana took as his task a complete rethinking of the idea that beauty is embedded in objects. Rather beauty is an emotion, a value, and a sense of the good. In this, aesthetics was unlike ethics: not a correction of evil or pursuit of the virtuous. Rather it is a pleasure that resides in the sense of self. The work is divided into chapters on the materials of beauty, form and expression. A good many of Santayana's later works are presaged by this early effort. And this volume also anticipates the development of art as a movement as well as a value apart from other aspects of life. The work is written without posturing, without hectoring. Santayana is nonetheless able to give expression to strong views. His preferences are made perfectly plain. Perhaps the key is a powerful belief that beauty is an adornment not a material necessity. But that does mean art is trivial. Quite the contrary, the good life is precisely the extent to which such "adornments" as painting, poetry or music come to define the lives of individuals and civilizations alike. This is, in short, a major work that can still inform and move us a century after its first composition."--Provided by publisher
650 _a Aesthetics
_vphilosophy
650 _aSOCIAL SCIENCE / Anthropology / Cultural
650 _abeauty
_vAmerican literature
942 _cBK
_2ddc
_n0
999 _c9129
_d9129